Un proyecto de catequesis juvenil en línea catecumenal

Bewaard in:
Bibliografische gegevens
Formaat: Boek
Taal:Spaans
Gepubliceerd in: Madrid Secretariado Nacional Juventudes Marianas Vicencianas 1988
Onderwerpen:
Tags: Voeg label toe
Geen labels, Wees de eerste die dit record labelt!

MARC

LEADER 00000nam a2200000 a 4500
001 UCX0411
003 CL-VaPUC
008 891016e19880000SP |||||||||||||||||spa|d
082 0 4 |a 268.6  |b PRO  |2 21 
245 1 3 |a Un proyecto de catequesis juvenil en línea catecumenal 
300 |a 3 v 
942 |c BK 
945 |d 19891016 00:00:00  |a aalvarez 
260 |a Madrid  |b Secretariado Nacional Juventudes Marianas Vicencianas  |c 1988 
650 0 |a Catequesis  |9 314526 
583 |a last modification  |c 19891016 00:00:00  |k Rodrigo Vera 
999 |c 222019  |d 222017 
952 |0 0  |1 0  |4 0  |6 268_600000000000000_PRO_1988  |7 0  |8 A  |9 216175  |a BIBTEO  |b BIBTEO  |d 2019-11-15  |h v.1  |i 2847728  |o 268.6 PRO 1988  |p 2847728  |r 2025-01-17  |w 2019-11-15  |y BK  |k ICR 
952 |0 0  |1 0  |4 0  |6 268_600000000000000_PRO_1988  |7 0  |8 A  |9 216176  |a BIBTEO  |b BIBTEO  |d 2019-11-15  |h v.2  |i 2847736  |o 268.6 PRO 1988  |p 2847736  |r 2025-01-17  |w 2019-11-15  |y BK  |k ICR 
952 |0 0  |1 0  |4 0  |6 268_600000000000000_PRO_1988  |7 0  |8 A  |9 216177  |a BIBTEO  |b BIBTEO  |d 2019-11-15  |h v.3  |i 2847744  |o 268.6 PRO 1988  |p 2847744  |r 2025-01-17  |w 2019-11-15  |y BK  |k ICR